000 01794nam a2200469Ii 4500
001 DIGITESO0053
003 NyNyDIG
008 200319s2014 mx ob 000 0 spa d
006 m o d
007 cr |||||||||||
035 _a(OCoLC)912306092
040 _aDGITA
_beng
_erda
_epn
_cDGITA
020 _a9786079361525
_q(eBook ;
_qpdf)
020 _a6079361523
_q(eBook ;
_qpdf)
020 _z9786079361129
020 _z6079361124
050 1 4 _aLB3012 ebook
082 1 4 _a371.5
100 1 _aPerales Franco, Cristina,
_eauthor.
245 1 0 _aDesarrollo socioafectivo y convivencia escolar /
_cCristina Perales Franco, Eduardo Arias Castañeda, Miguel Bazdresch Parada.
250 _a1a. edición.
264 1 _aGuadalajara :
_bInstituto Tecnológico y de Estudios Superiores de Occidente (ITESO),
_c2014.
300 _a1 online resource.
336 _atext
_btxt
_2rdacontent
337 _acomputer
_bc
_2rdamedia
338 _aonline resource
_bcr
_2rdacarrier
347 _atext file
_2rdaft
347 _bPDF
504 _aIncludes bibliographical references.
588 0 _aOnline resource; title from PDF title page (Digitalia, viewed March 19, 2020)
650 0 _aSchool discipline.
650 0 _aClassroom environment.
655 0 _aElectronic books.
700 1 _aArias Castañeda, Eduardo,
_eauthor.
700 1 _aBazdresch Parada, Miguel,
_eauthor.
791 2 _aDigitalia (Firm),
_edistributor.
793 0 _gDigitalia eBook Collection:
_aITESO
776 0 8 _iPrint version:
_aPerales Franco, Cristina.
_tDesarrollo socioafectivo y convivencia escolar.
_b1a. edición.
_dGuadalajara : ITESO, 2014
_z9786079361129
856 4 0 _3Digitalia Hispánica
_uhttps://www.digitaliapublishing.com/a/59603/
910 _aPremium Collection: 2020
942 _cRAA
999 _c256366
_d256366